Responses for show #8284 - Thursday, November 19, 2020

Andy Wood game 4.

Contestants

[<< previous game]

Tuan Nguyen, an engineer originally from Pomona, California

Emily Brogren, a registered nurse from Santa Maria, California

Andy Wood, a writer originally from Ann Arbor, Michigan (whose 3-day cash winnings total $64,798)

[next game >>]

Jeopardy! Round responses

AMERICAN MUSIC AWARDS
(Alex: They air this Sunday.)
CENTRAL AMERICA
PATRIOTIC ART?
THESE ARE THE DAYS
"ALL" THAT
& A BAG OF CHIPS
    $200 6
Billie Eilish

Andy
    $200 5
El Salvador

Andy
    $200 11
a comet

Andy
    $200 26
resolutions

Emily
    $200 16
a wall

Emily
    $200 21
Cheetos

Andy
    $400 7
Maroon 5

Andy
    $400 4
(Andy: What is a reef?)
(Alex: Be more specific.)

a barrier reef

Andy
    $5,000 12
Bethlehem

Andy
    $400 27
Festivus

Tuan
    $400 17
mothballs

Andy
    $400 22
(Emily: What's a toad in the hole?)

a pig in a blanket

AndyEmily
    $600 8
the Jonas Brothers

Emily
    $600 3
a blue zone

Emily
    $600 13
Africa

Tuan
    $600 28
Live long and prosper

Andy
    $600 18
a squall

Andy
    $600 23
Kettle

Triple Stumper
    $800 9
TLC

Andy
    $800 2
Nicaragua

Andy
    $800 14
Georgia O'Keeffe

Andy
    $800 29
haiku

Tuan
    $800 19
gall

Emily
    $800 24
(Alex: Less than a minute now.)

Maui

Tuan
    $1000 10
Portugal. The Man

Andy
    $1000 1
Honduras

Andy
    $1000 15
Philadelphia

Andy
    $1000 30
(Andy: What are pants?)
[Laughter]

socks

Andy
Triple Stumper
    $1000 20
windfall

Tuan
    $1000 25
Sun Chips

Tuan

Scores at the first commercial break (after clue 15):

Andy Emily Tuan
$11,800 $1,200 $600

Scores at the end of the Jeopardy! Round:

Andy Emily Tuan
$13,000 $2,000 $4,600

Double Jeopardy! Round responses

19th CENTURY PLAYS
AFRICAN-AMERICAN HISTORY
IT'S A FACT
ENVIRONMENTAL AGREEMENTS
CHARACTERS WHO SHOULD PLAY JEOPARDY!
AN OUT OF BODY EXPERIENCE
(Alex: Each response will be a body part, but used in a different context than what we're used to seeing.)
    $400 21
(Tuan: What is a dramedy?)

a melodrama

EmilyTuan
    $400 16
Chicago

Andy
    $400 11
carat

Emily
    $400 26
(Tuan: What are chemicals?)
(Andy: What are materials?)

wastes

AndyTuan
Triple Stumper
    $400 6
Will Hunting

Andy
    $400 1
hands

Emily
    $800 22
a priest

Emily
    $800 17
Harlem

Tuan
    $800 12
Poland

Tuan
    $800 27
nuclear tests

Andy
    $800 7
Ghostbusters

Andy
    $800 2
teeth

Emily
    $1200 23
consumption (tuberculosis)

Triple Stumper
    $1200 18
the Underground Railroad

Andy
    $1200 13
George M. Cohan

Triple Stumper
    $1200 28
[The end-of-round signal sounds.]

Gibraltar

Triple Stumper
    $1200 8
Rick

Andy
    $1200 3
shouldered

Emily
    $4,000 24
(Alex: Less than a minute now.)

Ibsen

Emily
    $1600 19
a senator

Emily
    $1600 14
Cantonese

Tuan
    $1600 9
(Tuan: Who is Dr. Manhattan?)
(Andy: What is "Ozzy-man-die-us"?)

Ozymandias

AndyTuan
    $1600 4
thumb

Tuan
    $2000 25
Oscar Wilde

Emily
    $2000 20
the Black Star Line

Triple Stumper
    $2000 15
Canadian National

Triple Stumper
    $2000 10
(Alex: Before your time, obviously, what is [*]?)

Barney Miller

Triple Stumper
    $6,200 5
a vein

Tuan

Scores at the end of the Double Jeopardy! Round:

Andy Emily Tuan
$19,000 $13,600 $13,200

[wagering suggestions for these scores]

Final Jeopardy! Round responses

DOG BREEDS
TuanWhat is St. Bernard?
$401
EmilyWhat is a St. Bernard?
$13,000
AndyWhat is the St. Bernard?
$8,201
St. Bernard

Final scores:

Andy Emily Tuan
$27,201 $26,600 $13,601
4-day champion: $91,999 2nd place: $2,000 3rd place: $1,000

Game dynamics:

Coryat scores:

Andy Emily Tuan
$14,400 $11,200 $9,000
24 R
(including 1 DD),
2 W
14 R
(including 1 DD),
1 W
11 R
(including 1 DD),
3 W

Combined Coryat: $34,600

The J! Archive is created by fans, for fans. The Jeopardy! game show and all elements thereof, including but not limited to copyright and trademark thereto, are the property of Jeopardy Productions, Inc. and are protected under law. This website is not affiliated with, sponsored by, or operated by Jeopardy Productions, Inc. Join the discussion at JBoard.tv.